|
|
|
|
| LEADER |
03509nam a22004093i 4500 |
| 001 |
EBC5719229 |
| 003 |
MiAaPQ |
| 005 |
20231204023214.0 |
| 006 |
m o d | |
| 007 |
cr cnu|||||||| |
| 008 |
231204s2019 xx o ||||0 eng d |
| 020 |
|
|
|a 9783030106898
|q (electronic bk.)
|
| 020 |
|
|
|z 9783030106881
|
| 035 |
|
|
|a (MiAaPQ)EBC5719229
|
| 035 |
|
|
|a (Au-PeEL)EBL5719229
|
| 035 |
|
|
|a (OCoLC)1089016528
|
| 040 |
|
|
|a MiAaPQ
|b eng
|e rda
|e pn
|c MiAaPQ
|d MiAaPQ
|
| 050 |
|
4 |
|a HG1501-3550
|
| 100 |
1 |
|
|a Arvidsson, Niklas.
|
| 245 |
1 |
0 |
|a Building a Cashless Society :
|b The Swedish Route to the Future of Cash Payments.
|
| 250 |
|
|
|a 1st ed.
|
| 264 |
|
1 |
|a Cham :
|b Springer International Publishing AG,
|c 2019.
|
| 264 |
|
4 |
|c ©2019.
|
| 300 |
|
|
|a 1 online resource (98 pages)
|
| 336 |
|
|
|a text
|b txt
|2 rdacontent
|
| 337 |
|
|
|a computer
|b c
|2 rdamedia
|
| 338 |
|
|
|a online resource
|b cr
|2 rdacarrier
|
| 490 |
1 |
|
|a SpringerBriefs in Economics Series
|
| 505 |
0 |
|
|a Intro -- Preface -- Acknowledgements -- Contents -- Chapter 1: Money: The Greatest Innovation in the History of Humanity -- The Essence of This Book -- Money: The Center of Development Since the Birth of Humanity -- Chapter 2: History of Money: In the Eye of the Beholder -- The Birth of Historic Forms of Money -- Three Paradigms of Money -- Value-Based Money -- Fiat Money -- Decentralized Money -- Understanding the Three Paradigms of Money -- References -- Chapter 3: Cash Payments: An International Comparison -- References -- Chapter 4: The Story of Cash and the Route Toward a Cashless Society: The Case of Sweden -- History of Swedish Money: From the Tenth Century to the Nineteenth Century -- The Development of the Swedish Payment System During the Last Secades -- References -- Chapter 5: Cash in the Swedish Payment System Today -- Reference -- Chapter 6: Understanding the Process Toward a Cashless Society -- Cash Payments: A Socio-technical System -- References -- Chapter 7: Stories from a Close to Cash-Free Society -- The General Story of Sweden -- Situation Stockholm: Empowering Homeless People -- When Homeless People Taught Stockholm to Use Mobile Payments -- The Swedish Church: The Largest Church in Sweden -- The Swedish Parish in Sundbyberg in Stockholm: A Cash-Free Organization -- A Cash-Free Parish: Combining Sacred Traditions with Modern Technologies -- PRO: Pensioners Fighting to Keep Legal Tender in Sweden -- Having Access to Payment Services Is a Foundation for a Democracy -- The PRO Activities in Östersund Will Not Work Without Cash -- Rural Sweden: A GONGO -- The Story of These Stories -- References -- Chapter 8: The Future of Cash in Sweden -- Is a Cashless Economy Possible? -- The Future of Cash in Sweden -- References -- Chapter 9: What Can Be Learnt from This Development? -- References -- Chapter 10: Summary and Conclusions.
|
| 505 |
8 |
|
|a References.
|
| 588 |
|
|
|a Description based on publisher supplied metadata and other sources.
|
| 590 |
|
|
|a Electronic reproduction. Ann Arbor, Michigan : ProQuest Ebook Central, 2023. Available via World Wide Web. Access may be limited to ProQuest Ebook Central affiliated libraries.
|
| 655 |
|
4 |
|a Electronic books.
|
| 776 |
0 |
8 |
|i Print version:
|a Arvidsson, Niklas
|t Building a Cashless Society
|d Cham : Springer International Publishing AG,c2019
|z 9783030106881
|
| 797 |
2 |
|
|a ProQuest (Firm)
|
| 830 |
|
0 |
|a SpringerBriefs in Economics Series
|
| 856 |
4 |
0 |
|u https://ebookcentral.proquest.com/lib/matrademy/detail.action?docID=5719229
|z Click to View
|